00510nam a2200169Ia 4500001001000000003000500010008004100015010001100056040000900067082001700076100002000093245008700113260004000200300001100240650003500251650005400286Para_2160CHAP220125s1990 xx 000 0 und d a200774 cCHAP aPA 632.96 H6 aHornby, D., ed. aBiological control of soil-borne plan pathogens /c ed. by D. Hornby... [et. al.] aOxford, U.K. :b CAB International a479 p. aControl biológico de plagas  aOrganismos fitopatógenos x control biológico